000 02105nam a2200601 i 4500
001 42154
003 KOSZ 005
005 20200408130917.0
008 011212s2001 pl a |100 0 pol
015 _aPB 2001/20653
020 _a8371931506
035 _a991017411849705066
035 _a(PL-WaBN)b14704742-48omnis_nlop
035 _ab14704742
035 _a(OCoLC)830305353
035 _a(PL)b0000001470474
035 _a(EXLNZ-48OMNIS_NETWORK)9910003605805606
040 _aWA N
_cWA N
_dKOSZ 005/HR
041 0 _apol
_beng
046 _k2001
080 _a621.7
080 _a531.7
080 _a681.5
080 _a(06)
245 0 0 _aMetrologia w technikach wytwarzania maszyn :
_bIX konferencja naukowo-techniczna,
_nT. 2 /
_c[red. nauk. Krzysztof Tubielewicz, Henryk Czarnecki] ; Politechnika Częstochowska.
260 _aCzęstochowa :
_bWydaw. PC,
_c2001.
300 _aS. 303-608, [4] :
_bil. ;
_c24 cm.
336 _2rdacontent
_aTekst
_btxt
337 _2rdamedia
_aBez urządzenia pośredniczącego
_bn
338 _2rdacarrier
_aWolumin
_bnc
380 _aKsiążki
380 _aPublikacje naukowe
388 _a2001-
504 _aBibliogr. przy ref.
546 _aStreszcz. ang. przy ref.
650 7 _aPomiary
_2DBN
658 _aInżynieria i technika
650 7 _aTechnologia
650 7 _aDiagnostyka techniczna
_2DBN
650 7 _aMaszyny
_2DBN
650 7 _aJakość produktu
_2DBN
650 7 _aKontrola jakości
_2DBN
650 7 _aInżynieria powierzchni
_2DBN
650 7 _aPrzyrządy pomiarowe
_2DBN
655 7 _aMateriały konferencyjne
_2DBN
700 1 _aCzarnecki, Henryk
_c(mechanika).
_eRedakcja
700 1 _aTubielewicz, Krzysztof
_d(1938- )
_eRedakcja
710 2 _aWydawnictwo Politechniki Częstochowskiej
_4pbl
710 2 _aPolitechnika Częstochowska
856 _uhttp://koha.tu.koszalin.pl/cgi-bin/koha/opac-detail.pl?biblionumber=42154
_yKatalog online BPK
942 _2UKD
_cKS
999 _c42154
_d42154